|
|
|
|
| LEADER |
01319nam a2200265 a 4500 |
| 001 |
32138 |
| 003 |
BD-DhAAL |
| 005 |
20241121103322.0 |
| 008 |
171004s2014 bg ||||| |||| 00| 0 ben d |
| 020 |
|
|
|a 98483091576
|
| 040 |
|
|
|a BD-DhAAL
|c BD-DhAAL
|
| 082 |
|
|
|a 954.9205092
|2 23
|
| 245 |
|
|
|a বাংলার স্বাধীনতা ও বঙ্গবন্ধু /
|c সম্পাদক, মিঞা লুৎফার রহমান.
|
| 260 |
|
|
|a ঢাকা :
|b চারুলিপি ;
|c ২০১৫.
|
| 300 |
|
|
|a ১৪৪ পৃষ্ঠা ;
|c ২২ সে.মি.
|
| 526 |
|
|
|a AAL
|
| 541 |
|
|
|e 32138 & 32139
|
| 600 |
|
|
|a Mujibur Rahman,
|c Sheikh,
|d 1920-1975.
|9 22402
|
| 651 |
|
|
|a Bangladesh
|x Politics and government
|y 1971-
|9 22403
|
| 700 |
|
|
|a রহমান, মিঞা লুৎফার.
|9 22408
|
| 852 |
|
|
|a Ayesha Abed Library
|c Liberation War Corner
|
| 942 |
|
|
|2 ddc
|c BK
|
| 999 |
|
|
|c 38354
|d 38354
|
| 952 |
|
|
|0 0
|1 0
|2 ddc
|4 0
|6 954_920509200000000_BAN
|7 0
|9 61372
|a BRACUL
|b BRACUL
|c BNC
|d 2017-09-27
|e Development Book Agency
|g 187.00
|l 0
|o 954.9205092 BAN
|p 3010032138
|r 2017-09-27
|t 1
|v 220.00
|w 2017-09-27
|y BK
|
| 952 |
|
|
|0 0
|1 0
|2 ddc
|4 0
|6 954_920509200000000_BAN
|7 0
|9 61373
|a BRACUL
|b BRACUL
|c BNC
|d 2017-09-27
|e Development Book Agency
|g 187.00
|l 0
|o 954.9205092 BAN
|p 3010032139
|r 2017-09-27
|t 2
|v 220.00
|w 2017-09-27
|y BK
|